00628nam a2200193 a 4500008004100000020002200041100002400063245008300087250002500170260004800195300001900243504004000262650004500302650003400347650002600381003000100407005001700408040000900425  a0850925592 (pbk.)1 aAbbey, Joseph L. S.14aThe political process and management of economic change /cJoseph L. S. Abbey. aEconomic paper ;v36 aLondon :bCommonwealth Secretariat,c1998.  a33 p. ;c26cm. aIncludes bibligraphical references. aStructural adjustment (Economic policy). aEconomic policy xManagement. aEconomic development.20230123133355.0 cNUST